| 000 | 01560nam a2200277 a 4500 | ||
|---|---|---|---|
| 001 | 79688 | ||
| 003 | BD-RjUL | ||
| 005 | 20230131124402.0 | ||
| 008 | 220412s2007 bg |||| m||| 00| 0 ben d | ||
| 035 | _a(BD-RjUL)79688 | ||
| 040 |
_aBD-RjUL _bben / eng _cBD-RjUL _dBD-RjUL |
||
| 041 | _aben | ||
| 082 |
_a297.648 _bRAS 2007 _223 |
||
| 100 |
_aরাজ্জাক, খ. ম. আব্দুর _92393 |
||
| 245 |
_aসাহাবীগণের যুগে তাফসীর চর্চা / _cখ. ম. আব্দুর রাজ্জাক _6সুপারভাইজার : মোহাম্মদ বেলাল হোসেন |
||
| 260 |
_aরাজশাহী : _bইসলামিক স্টাডিজ বিভাগ, রাজশাহী বিশ্ববিদ্যালয়, _c২০০৭ |
||
| 300 |
_aviii, ৩৫৭ পাতা ; _c২৯ সেমি. |
||
| 502 | _aথিসিস (পিএইচ. ডি.) -- ইসলামিক স্টাডিজ বিভাগ, রাজশাহী বিশ্ববিদ্যালয়, ২০০৭ | ||
| 504 | _aগ্রন্থপঞ্জী : পাতা [৩৪৬] -৩৫৭ | ||
| 600 |
_aসাহাবা _xজীবনী _96761 |
||
| 600 |
_aSahabah _xBiography _96762 |
||
| 650 |
_aকোরআন _xব্যাখা ও সমালোচনা _96763 |
||
| 650 |
_aQuran _xInterpretation and Criticism _96764 |
||
| 700 |
_aহোসেন, মোহাম্মদ বেলাল, সুপারভাইজার _91341 |
||
| 942 |
_2ddc _cTHE |
||
| 999 |
_c79688 _d79688 |
||